LEADER 00895cam0-22003131i-4500 001 990004091380403321 005 20161201160650.0 010 $a0-312-21541-X 035 $a000409138 035 $aFED01000409138 035 $a(Aleph)000409138FED01 035 $a000409138 100 $a19990530d1999----km-y0itay50------ba 101 0 $aeng 102 $aGB 105 $ay-------00-yy 200 1 $aKafka and Pinter shadow-boxing$ethe struggle between father and son$fRaymond Armstrong 210 $aLondon$cMacMillan press$d1999 215 $aX, 198 p.$d23 cm 610 0 $aPinter, Harold 676 $a822.914$v22$zita 700 1$aArmstrong,$bRaymond$0158548 801 0$aIT$bUNINA$gRICA$2UNIMARC 901 $aBK 912 $a990004091380403321 952 $a822.914 PINT/S 3$bBibl.27327$fFLFBC 959 $aFLFBC 996 $aKafka and Pinter shadow-boxing$9477838 997 $aUNINA LEADER 02048nam 22005891 450 001 9910788672203321 005 20230725045313.0 010 $a1-57659-240-5 035 $a(CKB)3240000000065132 035 $a(OCoLC)794698813 035 $a(CaPaEBR)ebrary10756305 035 $a(SSID)ssj0000606324 035 $a(PQKBManifestationID)11433956 035 $a(PQKBTitleCode)TC0000606324 035 $a(PQKBWorkID)10580851 035 $a(PQKB)10603120 035 $a(MiAaPQ)EBC3240011 035 $a(MdBmJHUP)muse7503 035 $a(Au-PeEL)EBL3240011 035 $a(CaPaEBR)ebr10756305 035 $a(EXLCZ)993240000000065132 100 $a20110504d2011 uy 0 101 0 $aeng 135 $aurcnu|||||||| 181 $ctxt 182 $cc 183 $acr 200 00$aDying, as a Franciscan $eapproaching our transitus to eternal life, accompanying others on the way to theirs /$feditor, Daria Mitchell 210 1$aSaint Bonaventure, New York :$cFranciscan Institute Publications,$d2011. 215 $a1 online resource (115 p.) 225 1 $aSpirit and life: essays on contemporary Franciscanism ;$v15 300 $aBibliographic Level Mode of Issuance: Monograph 311 $a9781576592480 311 $a1-57659-221-9 320 $aIncludes bibliographical references. 410 0$aSpirit and life (Saint Bonaventure, New York) ;$vv. 15. 606 $aDeath$xReligious aspects$xFranciscans 606 $aTerminal care$xReligious aspects$xFranciscans 606 $aTerminal care$xMoral and ethical aspects 606 $aBioethics$xReligious aspects 615 0$aDeath$xReligious aspects$xFranciscans. 615 0$aTerminal care$xReligious aspects$xFranciscans. 615 0$aTerminal care$xMoral and ethical aspects. 615 0$aBioethics$xReligious aspects. 701 $aMitchell$b Daria$01489451 801 0$bMiAaPQ 801 1$bMiAaPQ 801 2$bMiAaPQ 906 $aBOOK 912 $a9910788672203321 996 $aDying, as a Franciscan$93752567 997 $aUNINA LEADER 04756nam 22006855 450 001 9910590086803321 005 20260303093647.0 010 $a3-030-84273-8 024 7 $a10.1007/978-3-030-84273-4 035 $a(MiAaPQ)EBC7079675 035 $a(Au-PeEL)EBL7079675 035 $a(CKB)24767775700041 035 $a(PPN)264193032 035 $a(OCoLC)1343946937 035 $a(DE-He213)978-3-030-84273-4 035 $a(EXLCZ)9924767775700041 100 $a20220830d2022 u| 0 101 0 $aeng 135 $aurcnu|||||||| 181 $ctxt$2rdacontent 182 $cc$2rdamedia 183 $acr$2rdacarrier 200 10$aGender and Sexuality Development $eContemporary Theory and Research /$fedited by Doug P. VanderLaan, Wang Ivy Wong 205 $a1st ed. 2022. 210 1$aCham :$cSpringer International Publishing :$cImprint: Springer,$d2022. 215 $a1 online resource (646 pages) 225 1 $aFocus on Sexuality Research,$x2195-2272 311 08$aPrint version: VanderLaan, Doug P. Gender and Sexuality Development Cham : Springer International Publishing AG,c2022 9783030842727 320 $aIncludes bibliographical references. 327 $a1-Measuring Sex Differences and Similarities -- 2-Prenatal Steroid Hormones and Sex Differences in Juvenile Rhesus Macaque Behavior -- 3-Biological Approaches to Studying Gender Development -- 4-Social Influences on Gender Development: Theory and Context -- 5-Contemporary Cognitive Approaches to Gender Development: New Schemas, New Directions, and New Conceptualizations of Gender -- 6-Origins and Consequences of Childhood Gender Segregation: Towards an Integrative Developmental Systems Model -- 7-Gender, Toys, and Play: How Gendered Early Experiences Shape Later Development -- 8-Family Gender Socialization in Childhood and Adolescence -- 9-Gender Stereotypes and Education -- 10-Gender-Based Discrimination in Childhood and Adolescence -- 11-Gender and Sexuality in Disorders/Differences of Sex Development -- 12-Sexuality Development in Childhood -- 13-Sexual Pleasure in Adolescence: A Developmental Sexual Embodiment Perspective -- 14-Pornography Use in Adolescence and Young Adulthood -- 15-A Reviewof Theoretical Models and Lifespan Approaches to the Study of Sexual Offending -- 16-Learned but Not Chosen: A Reward Competition Feedback Model for the Origins of Sexual Preferences and Orientations -- 17-Carving the Biodevelopment of Same-Sex Sexual Orientation at Its Joints -- 18-Mental Health Among LGBT Youth -- 19-Asexuality: When Sexual Attraction is Lacking -- 20-Erotic Target Identity Inversions -- 21-Consensual Non-monogamy from a Developmental Perspective. 330 $aThis book showcases a wealth of knowledge and insight on gender and sexuality development. With contributions from leading researchers, it covers a comprehensive set of topics at the forefront of the field and strikes a balance between traditional and emerging areas of study. Given that gender and sexuality are shaped by myriad influences, this book is modelled on an interdisciplinary perspective and delves into biological, comparative, psychological, cognitive, social, cultural, and clinical approaches. In so doing, this collection conveys the rich tapestry of gender and sexuality science and will hold value for many. For those already in the field, this book provides an excellent resource for brushing up on the latest and for inspiring the next phases of scientific investigation. Those who are newer to the field, including undergraduate and graduate students, stand to gain tremendously from not only the thoughtful and informative content, but also from the interdisciplinary approachmodelled throughout the book. Beyond academia, this book is a valuable resource for clinicians and policy makers who deal with child and adolescent issues. 410 0$aFocus on Sexuality Research,$x2195-2272 606 $aPsychobiology 606 $aHuman behavior 606 $aSex 606 $aBehavioral Neuroscience 606 $aGender Studies 606 $aSexualitat$2thub 606 $aIdentitat de gènere$2thub 606 $aConducta sexual$2thub 608 $aLlibres electrònics$2thub 615 0$aPsychobiology. 615 0$aHuman behavior. 615 0$aSex. 615 14$aBehavioral Neuroscience. 615 24$aGender Studies. 615 7$aSexualitat 615 7$aIdentitat de gènere 615 7$aConducta sexual 676 $a305.3 676 $a306.7 702 $aVanderLaan$b Doug P. 702 $aWong$b Wang Ivy 801 0$bMiAaPQ 801 1$bMiAaPQ 801 2$bMiAaPQ 906 $aBOOK 912 $a9910590086803321 996 $aGender and Sexuality Development$92908422 997 $aUNINA